000
00286nam a22001217a 4500
020
_a
9788176221993
082
_a
637.1
_b
VEN/PR
100
_a
Venkateshwara Rao, P
_9
373
245
_a
Principles of Dairy Management
260
_a
Delhi
_b
Biotech Books
_c
2013
300
_a
274
942
_c
BK
999
_c
14280
_d
14280